The Unwelcome Guest III Quiz Stats

 Plays Quiz Updated Sep 12, 2017

Challenge
Share
Tweet
Embed
Score 0/15 Timer 06:00
10 Plays Today
Question Answer Wrong Answers
Snow White and the Seven Dwarfs Stinky
95.7%
Grumpy
0.4%
Happy
1%
Dopey
0.8%
Mean Girls Carrie Bradshaw
86.6%
Cady Heron
4.8%
Regina George
2.2%
Gretchen Wieners
4%
E.T. the Extra Terrestrial Chunk
81.3%
Elliott
2.1%
Gertie
8.3%
Michael
5.8%
Matilda Charlie Bucket
80.4%
Ms. Honey
4.1%
Trunchbull
5.9%
Harry Wormwood
6.9%
Fight Club Officer Wiggum
76.7%
Tyler Durden
2.8%
Bob
11%
Marla Singer
6.6%
Home Alone Cousin Eddie
76.6%
Kevin McCallister
2.7%
Marv
7.5%
Harry
10.7%
The Shawshank Redemption James 'Jimmy' McNulty
71%
Andy Dufresne
10.3%
Ellis Boyd 'Red' Redding
6.4%
Warden Norton
9.4%
Austin Powers: International Man of Mystery Oddjob
64%
Vanessa Kensington
6.8%
Scott Evil
5.2%
Random Task
21.1%
Spider-Man 3 The Lizard
59.2%
Sandman
20.3%
Venom
11.3%
Mary Jane Watson
6.6%
Monty Python and the Holy Grail Merlin
59.2%
King Arthur
9.2%
Sir Lancelot
8.6%
The Black Knight
20.1%
The Big Lebowski Biggy
55.4%
Walter
8.2%
Jesus
24.6%
Donny
8.6%
How to Train Your Dragon Astro
54.1%
Toothless
8%
Ruffnut
17.3%
Tuffnut
17.5%
Ratatouille Mickey
50%
Remy
2.5%
Skinner
19.9%
Ego
24.8%
Spirited Away Totoro
40.6%
Chihiro Ogino
20.1%
Haku
15.9%
Yubaba
19.9%
Stand by Me Curtis
40.2%
Gordie
13.4%
Teddy
14.6%
Vern
28.5%

You're not logged in!

Compare scores with friends on all Sporcle quizzes.
OR
Log In

You Might Also Like...

Show Comments

Extras

Top Quizzes Today


Score Distribution

Your Account Isn't Verified!

In order to create a playlist on Sporcle, you need to verify the email address you used during registration. Go to your Sporcle Settings to finish the process.

Report this User

Report this user for behavior that violates our Community Guidelines.

Details: